000 00354 a2200109 4500
001 ART_12639
005 20260410161908.0
008 260409a
245 1 0 _aThe impact of income maintenance payments on poverty in Britain, 1975
100 1 _aBeckerman, W.
773 0 _tThe Economic Journal
_g- Vol. 89, NÂș 354 (jun. 1979)
_wREV12512
999 _c26532
_d26532